Chief Justice Cornelius of Pakistan : (Record no. 186539)

000 -LEADER
fixed length control field 01193 a2200253 4500
003 - CONTROL NUMBER IDENTIFIER
control field Nust
005 - DATE AND TIME OF LATEST TRANSACTION
control field 20230203150952.0
010 ## - LIBRARY OF CONGRESS CONTROL NUMBER
LC control number 00265940
020 ## - INTERNATIONAL STANDARD BOOK NUMBER
International Standard Book Number 0195790189
040 ## - CATALOGING SOURCE
Transcribing agency Nust
082 00 - DEWEY DECIMAL CLASSIFICATION NUMBER
Classification number 954.91,BRA
100 1# - MAIN ENTRY--PERSONAL NAME
Personal name Braibanti, Ralph J. D.
9 (RLIN) 108623
245 10 - TITLE STATEMENT
Title Chief Justice Cornelius of Pakistan :
Remainder of title an analysis with letters and speeches /
Statement of responsibility, etc. Ralph Braibanti ; foreword by Nasim Hasan Shah.
260 ## - PUBLICATION, DISTRIBUTION, ETC.
Place of publication, distribution, etc. Oxford ;
-- New York :
Name of publisher, distributor, etc. Oxford University Press,
Date of publication, distribution, etc. 1999.
300 ## - PHYSICAL DESCRIPTION
Extent xxvii, 389 p. :
Other physical details ill. ;
Dimensions 25 cm.
505 ## - FORMATTED CONTENTS NOTE
Formatted contents note An Analysis of the Thought of Cornelius (Page-1), The Role of Law in the Political Development of Pakistan (Page-82), The Sociol Judicial Context of the Cornelius ERA 1950-1970 (Page-108), The Cornelius Letters (Page-179), Selected Speeches of A.R Cornelius (Page-199), The Cornelius Memorials Lectures (Page-332), Tables (Page-114).
600 10 - SUBJECT ADDED ENTRY--PERSONAL NAME
Personal name Cornelius, A. R.
9 (RLIN) 108624
610 10 - SUBJECT ADDED ENTRY--CORPORATE NAME
Corporate name or jurisdiction name as entry element Pakistan.
Subordinate unit Supreme Court.
650 #0 - SUBJECT ADDED ENTRY--TOPICAL TERM
Topical term or geographic name entry element Judges
Geographic subdivision Pakistan
9 (RLIN) 108625
650 #0 - SUBJECT ADDED ENTRY--TOPICAL TERM
Topical term or geographic name entry element Law
Geographic subdivision Pakistan.
9 (RLIN) 55427
700 1# - ADDED ENTRY--PERSONAL NAME
Personal name Cornelius, A. R.
9 (RLIN) 108624
856 42 - ELECTRONIC LOCATION AND ACCESS
Materials specified Publisher description
Uniform Resource Identifier <a href="http://www.loc.gov/catdir/enhancements/fy0608/00265940-d.html">http://www.loc.gov/catdir/enhancements/fy0608/00265940-d.html</a>
942 ## - ADDED ENTRY ELEMENTS (KOHA)
Source of classification or shelving scheme
Koha item type Book
Holdings
Withdrawn status Lost status Source of classification or shelving scheme Damaged status Not for loan Permanent Location Current Location Shelving location Date acquired Shelving control number Full call number Barcode Date last seen Price effective from Koha item type Public note
          Military College of Signals (MCS) Military College of Signals (MCS) General Stacks 12/12/2016 History 954.91,BRA MCS28655 12/08/2016 12/12/2016 Book Almirah No.62, Shelf No.1
© 2023 Central Library, National University of Sciences and Technology. All Rights Reserved.